Statistiques concernant Quiz sur le film Harry Potter et les Reliques de la Mort P2

Cliquez ici pour prendre le quiz!

Statistiques générales

  • Ce quiz a été pris 46 fois
    (33 depuis la dernière actualisation)
  • Le résultat moyen est 10 sur 16

Statistiques - réponses

InformationRéponse% Correct
Actrice (HG)Emma Watson
96%
Acteur (RW)Rupert Grint
96%
Acteur (HP)Daniel Radcliffe
92%
Année de sortie2011
88%
Acteur (SR)Alan Rickman
88%
Acteur (AD)Michael Gambon
80%
Titre originalHarry Potter and the Deathly Hallows : Part 2
76%
Acteur (V)Ralph Fiennes
76%
RéalisateurDavid Yates
72%
DistributeurWarner Bros
64%
ProducteurDavid Heyman, David Barron et JK Rowling
52%
MusiquesAlexandre Desplat
40%
Durée130 minutes
32%
ScénaristeSteve Kloves ( D'après le livre de JK Rowling)
32%
Budget125 000 000 $
16%
Entrée au box office (France)6 405 609 entrées
8%

Distribution des résultats

Percentile par nombre de réponses

% des personnes avec chaque résultat

Votre développement - résultats

Vous n’avez pas pris ce quiz depuis la dernière actualisation